Catálogo público

Comparación de impacto ambiental de dos sistemas de producción de vid con fines agroindustriales / (Record no. 177837)

MARC details
000 -CABECERA
campo de control de longitud fija 03968nam a2200481Ia 4500
001 - NÚMERO DE CONTROL
campo de control dia_6387
003 - IDENTIFICADOR DEL NÚMERO DE CONTROL
campo de control CHAP
005 - FECHA Y HORA DE LA ÚLTIMA TRANSACCIÓN
campo de control 20240806132029.0
007 - CAMPO FIJO DE DESCRIPCIÓN FÍSICA--INFORMACIÓN GENERAL
campo de control de longitud fija ta
008 - DATOS DE LONGITUD FIJA--INFORMACIÓN GENERAL
campo de control de longitud fija 220117s2016 mx abdofrm 001 0 spa d
010 ## - NÚMERO DE CONTROL DE LA BIBLIOTECA DEL CONGRESO
Número de control de LC 177837
040 ## - FUENTE DE LA CATALOGACIÓN
Centro/agencia transcriptor CHAP
Centro catalogador/agencia de origen mxchpua
041 0# - CÓDIGO DE LENGUA
Código de lengua del texto/banda sonora o título independiente spa
Código de lengua del sumario o resumen eng
090 ## - LOCALMENTE ASIGNADO TIPO-LC NÚMERO DE CLASIFICACIÓN (OCLC); NÚMERO DE CLASIFICACIÓN LOCAL (RLIN)
Número de clasificación (OCLC) (R) ; Numero de clasificación, CALL (RLIN) (NR) Tesis
Número cutter local (OCLC) ; Número de libro/Signatura topográfica íntegra, CALL (RLIN) B46
año 2016
100 1# - ENTRADA PRINCIPAL--NOMBRE DE PERSONA
Nombre de persona Benítez Avila, Melissa
240 10 - TÍTULO UNIFORME
Título uniforme Contrast of environmental impact of two production systems vine with fines agroindustriales.
Lenguaje de la obra Español
245 13 - MENCIÓN DE TÍTULO
Título Comparación de impacto ambiental de dos sistemas de producción de vid con fines agroindustriales /
Mención de responsabilidad, etc. Melissa Bénitez Avila
264 ## - PRODUCCIÓN, PUBLICACIÓN, DISTRIBUCIÓN, FABRICACIÓN Y COPYRIGHT
Producción, publicación, distribución, fabricación y copyright Chapingo, México :
Nombre del de productor, editor, distribuidor, fabricante El autor,
Fecha de producción, publicación, distribución, fabricación o copyright 2016
300 ## - DESCRIPCIÓN FÍSICA
Extensión viii, 44 hojas :
Otras características físicas ilustraciones, mapas, gráficas, tablas, fotos +
Material acompañante/anejo 1 CD-ROM
336 ## - TIPO DE CONTENIDO
Fuente rdacontent
Término de tipo de contenido texto
Código de tipo de contenido txt
337 ## - TIPO DE MEDIO
Fuente rdamedia
Nombre/término del tipo de medio no mediado
Código del tipo de medio n
338 ## - TIPO DE SOPORTE
Fuente rdacarrier
Nombre/término del tipo de soporte volumen
Código del tipo de soporte nc
500 ## - NOTA GENERAL
Nota general El CD contiene seminario y reporte
502 ## - NOTA DE TESIS
Nota de tesis Tesis
Tipo de título (Ingeniero Agroindustrial) --
Nombre de la institución que otorga el título UACh. Departamento de Ingeniería Agroindustrial,
Año de obtención del título 2016
504 ## - NOTA DE BIBLIOGRAFÍA, ETC.
Nota de bibliografía, etc. Bibliografía: hojas 42-44
520 3# - SUMARIO, ETC.
Sumario, etc. La agricultura es una de las principales causas de emisiones de gases de efecto invernadero en la atmosfera, a través de las prácticas culturales y la utilización de productos fitosanitarios. El objetivo del trabajo fue evaluar la influencia que tienen las prácticas culturales en las emisiones de GEI (N2O, CO2 y CH4) y ecotoxicidad, para determinar su impacto en dos sistemas de cultivo vid. Los resultados muestran que la utilización de herbicidas genera un impacto al ambiente calculado a través de IFT (Índice de Frecuencia de Tratamiento) igual a 0.5, considerado como bajo con respecto a la norma en donde el IFT medio es de 1.7 para "Pays de la Loire". Mientras que para el Potencial de Calentamiento Global (PCG) fue significativamente mayor para la parcela convencional con un 66.90 kg de CO2 eq.ha-1 en comparación con la parcela en conversión bio con 45.63 kg de CO2 eq.ha-La ecotoxicidad es principalmente derivada de las sustancias activas de los productos fitosanitarios utilizados, donde la mayor emisión de estas sustancias es absorbida por el recubrimiento vegetal. Las prácticas culturales, así como el tipo de maquinaria influyen en las emisiones de GEI. --
520 3# - SUMARIO, ETC.
Sumario, etc. The agriculture is one of the main causes of emissions of greenhouse gases (GHG) in the atmosphere, through cultural practices and the use of plant protection products. The objective was to evaluate the influence of cultural practices on emissions the GHG (N2O, CO2 y CH4) and ecotoxicity, to determine its impacto on two vine cultivation systems. The results show that the use of herbicides generates an impact to the enviroment calculated by the TFI (Treatment Frequency Index), same to 0.5, considered low compared to the standard where the medium is 1.7 for "Pays de la Loire". As for the Global Warming Potential (GWP) was significantly higher for conventional plot with 66.90 kg de CO2 eq.ha-1 in contrast with bio conversion plot with 45.63 kg de CO2 eq.ha-The ecotoxicity is mainly derived from the active substances of plant protection products used, where most emissions of these substances is absorbed by the coating plant. The cultural practices and the type of machine influence emissions the GHG.
650 13 - PUNTO DE ACCESO ADICIONAL DE MATERIA--TÉRMINO DE MATERIA
Término de materia o nombre geográfico como elemento de entrada Impacto ambiental
Fuente del encabezamiento o término atg
650 13 - PUNTO DE ACCESO ADICIONAL DE MATERIA--TÉRMINO DE MATERIA
Término de materia o nombre geográfico como elemento de entrada Uvas de vino
Fuente del encabezamiento o término atg
650 13 - PUNTO DE ACCESO ADICIONAL DE MATERIA--TÉRMINO DE MATERIA
Término de materia o nombre geográfico como elemento de entrada Viñas
Fuente del encabezamiento o término atg
650 13 - PUNTO DE ACCESO ADICIONAL DE MATERIA--TÉRMINO DE MATERIA
Término de materia o nombre geográfico como elemento de entrada Vineyards
Fuente del encabezamiento o término atg
650 13 - PUNTO DE ACCESO ADICIONAL DE MATERIA--TÉRMINO DE MATERIA
Término de materia o nombre geográfico como elemento de entrada Environmental impact
Fuente del encabezamiento o término atg
650 13 - PUNTO DE ACCESO ADICIONAL DE MATERIA--TÉRMINO DE MATERIA
Término de materia o nombre geográfico como elemento de entrada Wine grapes
Fuente del encabezamiento o término atg
700 0# - PUNTO DE ACCESO ADICIONAL--NOMBRE DE PERSONA
Nombre de persona Maldonado Simán, Ema de Jesús
Término indicativo de función/relación directora
700 1# - PUNTO DE ACCESO ADICIONAL--NOMBRE DE PERSONA
Nombre de persona Espinosa Solares, Teodoro
Término indicativo de función/relación asesor
700 1# - PUNTO DE ACCESO ADICIONAL--NOMBRE DE PERSONA
Nombre de persona Martínez Romero, Salvador
Término indicativo de función/relación asesor
856 41 - LOCALIZACIÓN Y ACCESO ELECTRÓNICOS
Identificador Uniforme del Recurso <a href="http://10.13.5.2/tesis/sist113179.pdf">http://10.13.5.2/tesis/sist113179.pdf</a>
Texto de enlace DESCARGAR PDF
901 ## - ELEMENTOS DE DATOS A LOCAL LDA (RLIN)
a TESIS B46 2016
942 ## - ELEMENTOS DE PUNTO DE ACCESO ADICIONAL (KOHA)
Tipo de ítem Koha TESIS
Fuente del sistema de clasificación o colocación Clasificación Universidad Autónoma Chapingo
902 ## - ELEMENTOS DE DATOS B LOCAL, LDB (RLIN)
a M
905 ## - ELEMENTOS DE DATOS E LOCAL, LDE (RLIN)
a 5232272016 mx mnl 8223123322spa16
Holdings
Estado de retiro Estado de pérdida Fuente del sistema de clasificación o colocación Estado dañado Restricciones de uso No para préstamo Código de colección Localización permanente Ubicación/localización actual Fecha de adquisición Fuente de adquisición Total de préstamos Signatura topográfica completa Código de barras Fecha visto por última vez Número de copia Precio válido a partir de Tipo de ítem Koha Ubicación en estantería
    Clasificación Universidad Autónoma de Chapingo   Préstamo interno   Tesis Ingenieria Agroindustrial Ingenieria Agroindustrial 18/01/2022 El autor   Tesis B46 2016 1101006446 18/01/2022 Ej. 2 18/01/2022 CD  
    Clasificación Universidad Autónoma de Chapingo   Préstamo interno   Tesis Ingenieria Agroindustrial Ingenieria Agroindustrial 18/01/2022 El autor   Tesis B46 2016 1101006445 02/02/2026 Ej. 1 18/01/2022 Tesis  
    Clasificación Universidad Autónoma de Chapingo       Tesis digitales de Licenciatura Ingenieria Agroindustrial Ingenieria Agroindustrial 06/08/2024 El autor     1201006445 06/08/2024   06/08/2024 Tesis digital En línea